| 000 | 00933nam a22002417a 4500 | ||
|---|---|---|---|
| 005 | 20170502160311.0 | ||
| 010 | _aBAC-EN21 ENG-110242 | ||
| 020 |
_a9788122205749 _c260.00 |
||
| 035 | _aEN-93774 | ||
| 035 | _aB-582057-093 | ||
| 035 | _aB-666138 | ||
| 037 |
_bPragati/Ven _adpl |
||
| 037 | _bDBAD/PUB | ||
| 082 | _a954.035092 | ||
| 100 | _aFernandes, Vivian | ||
| 245 |
_aModi : _bmaking of a prime minister :leadership,governance & performance / _cby Vivian Fernandes |
||
| 260 |
_aNew Delhi _bOrient Publishing _c2014 |
||
| 270 |
_a5A/8 Ansari Road, Darya Ganj _bNew Delhi _e110002 |
||
| 300 |
_a160p. _c22cm(pbk) |
||
| 942 |
_2ddc _cEN _mFER _h954.035092 |
||
| 999 |
_c85093 _d85093 |
||